Law of rating, Vol.I; Substantive law (Record no. 92470)

MARC details
000 -LEADER
fixed length control field 00540cam a2200217 4500
001 - CONTROL NUMBER
control field D947
008 - FIXED-LENGTH DATA ELEMENTS--GENERAL INFORMATION
fixed length control field 090401t1965 xxu||||| |||| 00| 0 eng d
035 ## - SYSTEM CONTROL NUMBER
System control number (Sirsi) u49025
041 ## - LANGUAGE CODE
Language code of text/sound track or separate title eng
050 ## - LIBRARY OF CONGRESS CALL NUMBER
Classification number 336.21026
100 ## - MAIN ENTRY--PERSONAL NAME
Personal name Amies, F.A.
245 ## - TITLE STATEMENT
Title Law of rating, Vol.I; Substantive law
260 ## - PUBLICATION, DISTRIBUTION, ETC.
Place of publication, distribution, etc. London
Name of publisher, distributor, etc. Rating Publishers
Date of publication, distribution, etc. 1965
300 ## - PHYSICAL DESCRIPTION
Extent cxli. 808. 224p. 25cm
350 ## - PRICE (NR) (BK AM CF MU VM SE) [OBSOLETE]
Price 7.65
520 ## - SUMMARY, ETC.
Summary, etc. Vol 2 never published
700 ## - ADDED ENTRY--PERSONAL NAME
Personal name Banks, N.D.
700 ## - ADDED ENTRY--PERSONAL NAME
Personal name Calvocoressi, R.St.G.
942 ## - ADDED ENTRY ELEMENTS (KOHA)
Suppress in OPAC 0
948 ## - LOCAL PROCESSING INFORMATION (OCLC); SERIES PART DESIGNATOR (RLIN)
c (OCLC) 04/03/1997
Holdings
Withdrawn status Lost status Source of classification or shelving scheme Damaged status Not for loan Home library Current library Shelving location Date acquired Cost, normal purchase price Total Checkouts Full call number Barcode Date last seen Copy number Cost, replacement price Price effective from Koha item type
    Dewey Decimal Classification     London London Basement 14/09/1999 7.65   SHELF 304 30003079 06/08/2019 1 7.65 06/08/2019 Reference material